Catálogo
 En Linea
Vista normal Vista MARC

Entrada Nombre personal

Número de registros utilizados en: 8

001 - NÚMERO DE CONTROL

  • campo de control: 45446

003 - IDENTIFICADOR DEL NÚMERO DE CONTROL

  • campo de control: BNPHU

005 - FECHA Y HORA DE LA ÚLTIMA TRANSACCIÓN

  • campo de control: 20240305082908.0

008 - DATOS DE LONGITUD FIJA

  • campo de control de longitud fija: 200615|| aca||aabn | a|a d

010 ## - NÚMERO DE CONTROL DE LA BIBLIOTECA DEL CONGRESO

  • Número de control de LC: n 99000673

040 ## - FUENTE DE LA CATALOGACIÓN

  • Centro catalogador/agencia de origen: DO-SdBNP
  • Lengua de catalogación: spa
  • Centro/agencia transcriptor: BNPHU
  • Normas de descripción: rda

100 1# - ENCABEZAMIENTO-NOMBRE DE PERSONA

  • Nombre de persona: Mauricio A. , Leonardo

370 ## - LUGAR ASOCIADO

  • Lugar de nacimiento: Miches (República Dominicana) |

375 ## - GÉNERO/SEXO

  • Género/Sexo: Masculino

377 ## - LENGUA/LENGUAJE ASOCIADO

  • Código del idioma: spa

400 ## - TRAZADO DE VÉASE--NOMBRE DE PERSONA

  • Nombre de persona: Mauricio Amparo, Leonardo

670 ## - FUENTE DE DATOS ENCONTRADOS

  • Cita de la fuente: Work cat.: (OSt)21396: Mauricio A. , Leonardo, La ocupación norteamericana de 1916 :, 1997.

670 ## - FUENTE DE DATOS ENCONTRADOS

  • Cita de la fuente: La ocupación norteamericana de 1916, 1997:
  • Información encontrada: (Leonardo Mauricio A.) portada pág. 4 (Leonardo Mauricio Amparo)

Con tecnología Koha